Azaña y los otros / (Record no. 18742)

MARC details
000 -LEADER
campo de control de longitud fija 00966nam a2200265 i 4500
001 - NÚMERO DE CONTROL
campo de control 18742
003 - IDENTIFICADOR DE NÚMERO DE CONTROL
campo de control ES-MaACL
005 - FECHA Y HORA DE LA ÚLTIMA TRANSACCIÓN
campo de control 20250819164301.0
007 - CAMPO FIJO DE DESCRIPCIÓN FÍSICA--INFORMACIÓN GENERAL
campo de control de longitud fija t|
008 - DATOS DE LONGITUD FIJA--INFORMACIÓN GENERAL
campo de control de longitud fija 020312s2000 sp ||||1| spa d
080 ## - NÚMERO DE LA CLASIFICACIÓN DECIMAL UNIVERSAL
Número de la Clasificación Decimal Universal 929 Azaña, Manuel
080 ## - NÚMERO DE LA CLASIFICACIÓN DECIMAL UNIVERSAL
Número de la Clasificación Decimal Universal 946.0"1931/39"
245 00 - MENCIÓN DEL TÍTULO
Título Azaña y los otros /
Mención de responsabilidad, etc. Angeles Egido León (ed.).
260 ## - PUBLICACIÓN, DISTRIBUCIÓN, ETC.
Lugar de publicación, distribución, etc. Madrid :
Nombre del editor, distribuidor, etc. Centro de Investigación y Estudios Republicanos,
Fecha de publicación, distribución, etc. 2000.
300 ## - DESCRIPCIÓN FÍSICA
Extensión 236 p. ;
Dimensiones 24 cm.
490 1# - MENCIÓN DE SERIE
Mención de serie Cuadernos republicanos
500 ## - NOTA GENERAL
Materiales especificados Número especial monográfico de la revista Cuadernos Republicanos, noviembre 2000.
600 14 - PUNTO DE ACCESO ADICIONAL DE MATERIA--NOMBRE DE PERSONA
Nombre de persona Azaña, Manuel,
Fechas asociadas al nombre 1880-1940
9 (RLIN) 24223
651 #4 - PUNTO DE ACCESO ADICIONAL DE MATERIA--NOMBRE GEOGRÁFICO
Nombre geográfico España-
Subdivisión general Historia-
Subdivisión cronológica 1931-1939, II República.
9 (RLIN) 8283
700 1# - ENTRADA AGREGADA--NOMBRE PERSONAL
Nombre de persona Egido León, María de los Angeles.
9 (RLIN) 46734
710 2# - ENTRADA AGREGADA--NOMBRE DE ENTIDAD CORPORATIVA
Nombre de entidad corporativa o nombre de jurisdicción como elemento de entrada Centro de Investigación y Estudios Republicanos
9 (RLIN) 2704
830 00 - PUNTO DE ACCESO ADICIONAL DE SERIE-TÍTULO UNIFORME
Título uniforme Cuadernos republicanos
9 (RLIN) 120608
852 ## - LOCALIZACIÓN
Ubicación ES-MaACL
Número de control de estantería L-25319
Sublocalización o colección R.130387
Holdings
Estatus retirado Estado de pérdida Estado de daño No para préstamo Biblioteca de origen Biblioteca actual Ubicación en estantería Fecha de adquisición Fuente de adquisición Total de préstamos Signatura topográfica completa Código de barras Visto por última vez Precio de reemplazo Tipo de ítem Koha
        Biblioteca del Ateneo de Madrid Biblioteca del Ateneo de Madrid Depósito 2 17/01/2008     L-25319 1019179 23/02/2023 23/02/2023 Libro impreso